000 02826ngm a2200409 4500
003 dpl
005 20100306113327.0
007 DVD
008 ||||||sp199 xxu|||||c ||| 00| 0 ng d
010 _aDVD-006072-6073 & DVD-006417-6424
024 _c69.00
035 _aDVD-006072-6073
035 _aDVD-006417-6424
040 _aDPL
_cDPL
082 _aDVD AAKR
245 _aAakrosh
_cTriple Aar Trinetra Combines Presents
_h[videorecording] DVD/
260 _bEagle Home Entertainment
300 _a1 videodisc DVD;
_bsd., col. ;
_c4 3/4 in.
_fDVD
440 _aEagle Video Home Entertainment
538 _aDolby Digital 5.1 - Hindi Subtitles: English
650 _aMotion Picture
700 _aShetty, Sunil
700 _aShetthy, Shilpa
700 _aLiver, Johny
942 _cCF
_2ddc
_hDVD
_mAAKR
999 _c34458
_d34458